| 000 | 02813nkm0a2200481 4500 | ||
|---|---|---|---|
| 001 | RU\NLR\BIBL_A\011782611 | ||
| 005 | 20260204000000.0 | ||
| 010 | _d1 р. | ||
| 020 |
_aRU _b895/56 _9ЛЕНИНГРАД В ВЕЛИКОЙ ОТЕЧЕСТВЕННОЙ ВОЙНЕ: Печать Ленинграда, 1941 - 1945: каталог изданий, хранящихся в фондах Государственной Публичной библиотеки, вып.2. Листовки,плакаты,открытки,альбомы/Гос.публ.б-ка им.М.Е.Салтыкова-Щедрина. - Ленинград,1972 |
||
| 035 | _a(NLR Aleph) 011782611 | ||
| 090 |
_a77967 _c77967 |
||
| 100 | _a20180905d1941 m y0rusy50 ca | ||
| 101 | 0 | _arus | |
| 102 | _aRU | ||
| 116 | _adiycxx bi ad | ||
| 135 | _acrcn 024anaba | ||
| 200 | 1 |
_aТревога... _eТревога! На небо взлетели столбы голубого огня... _b[Плакат] _fХудож. Н.А. Тырса, текст С. Спасский _gЛенинградский союз советских художников |
|
| 210 |
_aЛ. _cЛССХ _d[1941] |
||
| 215 |
_a1 л. _cхромолитогр. _d55x36 см |
||
| 225 | 2 |
_aБоевой карандаш _e[Серия плакатов] _h№ 56 |
|
| 325 | _aКопия доступна в электронной библиотеке РНБ | ||
| 606 | 1 |
_aБлокада Ленинграда _z1941 - 1944 _jПлакаты _2nlr_sh1 _2nlr_sh2 _3RU\NLR\AUTH\661253360 |
|
| 608 |
_aПлакаты общественно-политические _2nlr_sh2 |
||
| 610 | 0 | _aПлакаты | |
| 610 | 2 | _aЛенинградский союз советских художников | |
| 702 | 1 |
_aТырса _bН.А. _f1887-1942 _gНиколай Андреевич _3RU\NLR\AUTH\7739989 _4040 |
|
| 702 | 1 |
_aСпасский _bС. Д. _cписатель _f1898-1956 _gСергей Дмитриевич _3RU\NLR\AUTH\770203777 _4070 |
|
| 712 | 0 | 2 |
_aЛенинградский союз советских художников _3RU\NLR\AUTH\889984698 _4570 |
| 801 | 2 |
_aRU _bNLR _c20140815 _2rusmarc |
|
| 852 |
_aNLR _bЛ3-310 п _j29/2-2-56 |
||
| 852 | 0 | 0 |
_aNLR _bЭ _jПлИр995/5-1/56 |
| 852 | 0 | 0 |
_aNLR _bЭ _jПлИр995/5-1/56 _mЭ029680 |
| 856 | 0 | _uhttp://vivaldi.nlr.ru/la000070424/view | |
| 856 | 1 | _uhttp://vivaldi.nlr.ru/la000070424/cover | |
| 856 | 2 | _uhttp://vivaldi.nlr.ru/la000070424/text | |
| 942 | _cVISUAL | ||
| 945 | _aРоссийская национальная библиотека | ||
| 980 | _aNB | ||
| 980 | _aBV | ||
| 981 | 3 | 7 | _a(37) Ленинград в Великой Отечественной войне |
| 981 | 1 | 7 |
_a(17) Изографические материалы _b(17) Плакаты |